| 000 | 00613nam a22001937a 4500 | ||
|---|---|---|---|
| 005 | 20250616163358.0 | ||
| 010 | _aENG-145383 | ||
| 020 |
_c250.00 _a9789385199134 |
||
| 035 | _aEN-128915 | ||
| 037 | _bDBAD | ||
| 082 | _a320.0954 | ||
| 100 |
_aJayaramu, P.S. _982084 |
||
| 245 |
_aReflections on Indian Politics in Recent Yeara/ _cP.S. Jayaramu |
||
| 250 | _a1 | ||
| 260 |
_bBeyondline Publisher _aBangalore _c2024 |
||
| 270 |
_a513, Ground Floor, Arkavathi Layout, 19th Block Chelikere, Kalyan Nagar _bBangalore _e560043 |
||
| 300 |
_a216p. _c22 cm (pb) |
||
| 942 |
_2ddc _cEN _h320.0954 _mJAY |
||
| 999 |
_c211839 _d211839 |
||